New genus for Aepeomys fucatus allen, 1912, and Oryzomys intectus thomas, 1921 (Registro nro. 16207)
[ vista simple ]
| 000 -CABECERA | |
|---|---|
| Campo de control | 004570000a22001330004500 |
| 090 ## - CLASIFICACIÓN LOCAL | |
| Colección | AS |
| Consecutivo | Seriadas |
| 041 0# - IDIOMA | |
| Código de idioma para texto/pista de sonido o título separado | |
| 100 1# - ASIENTO PRINCIPAL--NOMBRE PERSONAL | |
| Nombre personal | Voss, Robert S. |
| 245 10 - MENCION DE TITULO | |
| Título | New genus for Aepeomys fucatus allen, 1912, and Oryzomys intectus thomas, 1921 |
| Version | enigmatic murid rodents from cloud forests |
| 700 1# - ASIENTO SECUNDARIO - NOMBRE PERSONAL | |
| Nombre personal | Gómez Laverde, Marcela |
| 700 1# - ASIENTO SECUNDARIO - NOMBRE PERSONAL | |
| Nombre personal | Pacheco, Victor |
| 773 1# - Item fuente: | |
| Título | American Museus Novitates |
| Descripción física | 3373 |
| Paginas del Articulo | 2-42 |
| Lugar, editorial y fecha de publicación | 2002 |
| 942 ## - ELEMENTOS ADICIONALES (KOHA) | |
| Tipo de ítem | Artículo |
No hay ítems disponibles.